000 01208nmc a2200409 a 4500
003 AR-BaBNM
005 20251128204447.0
008 035119s1985 ||||||||||||||000 | spa||
020 _a950-13-6121-7
040 _cAR-BaBNM
100 1 _aHolmberg, Börje
245 1 0 _aEducación a distancia
_bsituación y perspectivas
260 _aBuenos Aires
_bKapelusz
_c1985
300 0 _a191 p.
490 0 _aBiblioteca de cultura pedagógica. Los nuevos problemas educativos
500 0 _aPrefacio por el autor
500 0 _aTraducción por Antonio Bonanno
504 _aBibliografía p. 148-191
650 4 _aEDUCACION NO FORMAL
650 4 _aORGANIZACION DE LA EDUCACION
650 4 _aSISTEMAS ESCOLARES
650 4 _aCONTENIDO DEL PROGRAMA
650 4 _aOBJETIVOS EDUCACIONALES
650 4 _aAPRENDIZAJE
650 4 _aDOCENTES
650 4 _aTELEVISION EDUCATIVA
650 4 _aENSENANZA PROGRAMADA
650 4 _aEVALUACION
650 4 _aMETODOS DE EVALUACION
650 4 _aTECNOLOGIA EDUCATIVA
651 4 _aAmérica Latina
653 0 _aINNOVACIONES EDUCATIVAS
653 0 _aMETODOS EDUCATIVOS
800 1 _aTedesco, Juan Carlos
_edirector
942 _cBK
998 _cCarmen
999 _c7511
_d7511